000 00314nam a22001217a 4500
008 171020b xxu||||| |||| 00| 0 eng d
041 _aeng
080 _a338
100 _a54
101 _aMEN
245 _aAPPLICATIONS OF UTILITY THEORY IN THE ECONOMIC EVALUATION OF HEALTH CARE
_cBLEICHRODT,H
942 _2udc
_cBK
999 _c35064
_d35064